000 00451cam a2200193ua 4500
001 8732
008 150213n ii |||gr||||Z||||||eng
020 _a0333904338
040 _cMAIN
041 _aeng
082 _a820
100 _aRees, R. J.,
_eAuthor.
245 1 _aEnglish literature
_cBy R. J. Rees
250 _a1st.
260 _aDelhi:
_bMacmillan,
_c2002.
300 _a250p.
653 _aEnglish.& Old English literatures
942 _cBK
999 _c7829
_d7829